000 00452nam a2200205Ia 4500
001 081748
003 YMCAF
005 20230512161342.0
008 100717s2001 ||||||||||||||||| ||und|d
024 _a81748
035 _a21208
040 _aYMCAF
_beng
_cIN-KoLT
041 _aeng
082 _a005.11
_bHAI
100 _aHaigh, Andrew
245 0 _aObject-oriented analysis and design
260 _bTMH
_c2001
300 _a477
942 _2ddc
_cBK
999 _c8267
_d8267